00527nam a22001937a 450000500170000001000110001702000230002803500110005103700160006204000120007808200110009010000170010124500660011826000410018427000450022530000200027065000240029065000190031420170124110120.0 a692070 c00.00a03410156384 a692070 bCen Lib/Ret aDPLbEN aNbSTR aStroud, John aThe walf :cby John Stroud ba novel of london in the 1880s / bHodder and Stoughton c1972aLondon  bLondon ast. paul's house, warwick lane  a287p.c19cm(Hb) aLiterature--Fiction aEnglish Novel